000
00381nam a22001697a 4500
003
MPLRDC
005
20220104114541.0
008
210129b ||||| |||| 00| 0 eng d
082
_a
857.7 LYD
100
_a
李云德著
245
_a
银锁链传奇
_c
250
_a
一版一刷
260
_a
_b
花城出版社
_c
1985
300
_b
平
650
_a
942
_c
BK
_o
857.7 LYD
999
_c
8360
_d
8350